Art in America/ (Record no. 3225)

MARC details
000 -LEADER
campo de control de longitud fija 01619nam a22004217a 4500
003 - IDENTIFICADOR DE NÚMERO DE CONTROL
campo de control OSt
005 - FECHA Y HORA DE LA ÚLTIMA TRANSACCIÓN
campo de control 20230315142632.0
008 - DATOS DE LONGITUD FIJA--INFORMACIÓN GENERAL
campo de control de longitud fija 221006b |||||||| |||| 00| 0 eng d
040 ## - FUENTE DE CATALOGACIÓN
Centro/agencia transcriptor Biblioteca Lado V
082 ## - NÚMERO DE LA CLASIFICACIÓN DECIMAL DEWEY
Número de clasificación 701.1
Número de ítem B167a
100 ## - ENTRADA PRINCIPAL--NOMBRE DE PERSONA
9 (RLIN) 783
Nombre de persona Baker, Elizabeth C.
Término indicativo de función/relación editora
245 ## - MENCIÓN DEL TÍTULO
Título Art in America/
Resto del título International Review/
260 ## - PUBLICACIÓN, DISTRIBUCIÓN, ETC.
Nombre del editor, distribuidor, etc. Whitney Communications Corporation Magazine Division
Fecha de publicación, distribución, etc. 2009
Lugar de publicación, distribución, etc. New York
300 ## - DESCRIPCIÓN FÍSICA
Dimensiones 22x29cm
Extensión 216p.
366 ## - INFORMACIÓN SOBRE DISPONIBILIDAD COMERCIAL
Nota eng
490 ## - MENCIÓN DE SERIE
Mención de serie Junio-Julio
Designación de volumen o secuencia 2009
505 ## - NOTA DE CONTENIDO CON FORMATO
Título Front Page
505 ## - NOTA DE CONTENIDO CON FORMATO
Título Revision 9
505 ## - NOTA DE CONTENIDO CON FORMATO
Título Books
505 ## - NOTA DE CONTENIDO CON FORMATO
Título Works on Paper
505 ## - NOTA DE CONTENIDO CON FORMATO
Título Performance
505 ## - NOTA DE CONTENIDO CON FORMATO
Título In the Studio: Luisa Rabbia
505 ## - NOTA DE CONTENIDO CON FORMATO
Título Venice Biennale Preview
Nota de contenido con formato - Introduccion<br/>- Ragnar Kjartansson: The Beginning of "the end"<br/>- Bruce Nauman: Deft in Venice<br/>- Pascale Mathine Tayou: Global Villages<br/>- Liam Gillick: Patriarcal Considerations<br/>- Peter Forgacs: Ebb and Flow<br/>- Thai Pavilion: Mental Vacation
505 ## - NOTA DE CONTENIDO CON FORMATO
Título Zero & Friends
505 ## - NOTA DE CONTENIDO CON FORMATO
Título Shirin Neshat: An An interview
505 ## - NOTA DE CONTENIDO CON FORMATO
Título How German is it?
505 ## - NOTA DE CONTENIDO CON FORMATO
Título David Claerbout: Extrasensorial
505 ## - NOTA DE CONTENIDO CON FORMATO
Título Wim Delvoye: Towering Ambition
505 ## - NOTA DE CONTENIDO CON FORMATO
Título Reviews
505 ## - NOTA DE CONTENIDO CON FORMATO
Título Artworld
650 ## - PUNTO DE ACCESO ADICIONAL DE MATERIA--TÉRMINO DE MATERIA
Fuente del encabezamiento o término Tesauro de Arte & Arquitectura
Término de materia o nombre geográfico como elemento de entrada ARTE
9 (RLIN) 703
650 ## - PUNTO DE ACCESO ADICIONAL DE MATERIA--TÉRMINO DE MATERIA
Fuente del encabezamiento o término Tesauro de Arte & Arquitectura
Término de materia o nombre geográfico como elemento de entrada CRITICA
650 ## - PUNTO DE ACCESO ADICIONAL DE MATERIA--TÉRMINO DE MATERIA
Fuente del encabezamiento o término Tesauro de Arte & Arquitectura
Término de materia o nombre geográfico como elemento de entrada APRECIACION
650 ## - PUNTO DE ACCESO ADICIONAL DE MATERIA--TÉRMINO DE MATERIA
Fuente del encabezamiento o término Tesauro de Arte & Arquitectura
Término de materia o nombre geográfico como elemento de entrada COLECCIONISMO
650 ## - PUNTO DE ACCESO ADICIONAL DE MATERIA--TÉRMINO DE MATERIA
Fuente del encabezamiento o término Tesauro de Arte & Arquitectura
Término de materia o nombre geográfico como elemento de entrada ARTE - USA
700 ## - ENTRADA AGREGADA--NOMBRE PERSONAL
Nombre de persona Shanley, Paul
Término indicativo de función/relación publicista
942 ## - ELEMENTOS DE ENTRADA SECUNDARIOS (KOHA)
Fuente del sistema de clasificación o colocación Clasificación Decimal Dewey
Tipo de ítem Koha Libros
Parte de la signatura que corresponde a la clasificación (Parte de la clasificación) 701.1
Parte de la signatura que identifica el ejemplar (Parte del ítem) B167a
Suprimir en OPAC No

No items available.